Human resources development in rural areas in Asia and role of rural institutions : education, training and institutions for rural human resources development in Asian countries : Asian Regional Conference, Colombo, September-October 1975, eighth session, second item on the Agenda.

Bibliographic Details
Corporate Authors: International Labour Office, International Labour Organisation
Format: Book
Language:English
Published: Geneva : International Labour Office, 1975.
Subjects:

MARC

Tag First Indicator Second Indicator Subfields
LEADER 00000cam a2200000 i 4500
001 in00000049456
005 20151007071730.0
008 761023s1975 sz b i00000 eng
010 |a  76377168  
015 |a Sw*** 
020 |a 922101388X 
035 |a (OCoLC)02362900 
035 |9 AAE6530AM 
040 |a DLC  |c DLC  |d TXA  |d UtOrBLW 
043 |a a------ 
049 |a TXAM  |c [1160159] 
050 0 0 |a LC5148.A78  |b A57 1975 
082 0 |a 370.19/346/095 
110 2 |a International Labour Office. 
245 1 0 |a Human resources development in rural areas in Asia and role of rural institutions :  |b education, training and institutions for rural human resources development in Asian countries : Asian Regional Conference, Colombo, September-October 1975, eighth session, second item on the Agenda. 
264 1 |a Geneva :  |b International Labour Office,  |c 1975. 
300 |a 155 pages ;  |c 24 cm. 
336 |a text  |b txt  |2 rdacontent 
337 |a unmediated  |b n  |2 rdamedia 
338 |a volume  |b nc  |2 rdacarrier 
500 |a At head of title: Report II, International Labour Organisation. 
504 |a Includes bibliographical references. 
650 0 |a Education, Rural  |z Asia. 
650 0 |a Manpower policy, Rural  |z Asia. 
650 0 |a Vocational education  |z Asia. 
710 2 |a International Labour Organisation. 
999 |a MARS 
999 f f |s cf8e4d76-4f87-3102-9457-faa32bce953f  |i 6c96859a-b124-3056-b6af-a841f2e0116e  |t 0 
952 f f |p normal  |a Texas A&M University  |b College Station  |c Sterling C. Evans Library  |d Evans: Library Stacks  |t 0  |e LC5148.A78 A57 1975  |h Library of Congress classification  |i unmediated -- volume  |m A14803331334 
998 f f |a LC5148.A78 A57 1975  |t 0  |l Evans: Library Stacks